Statistiques concernant Pays du monde commençant par O et P.

Cliquez ici pour prendre le quiz!

Statistiques générales

  • Ce quiz a été pris 300 fois
  • Le résultat moyen est 9 sur 14

Statistiques - réponses

Réponse% Correct
Oman
81%
Portugal
80%
Ouganda
79%
Pakistan
79%
Ouzbékistan
72%
Pologne
72%
Pérou
68%
Panama
63%
Paraguay
63%
Palaos
55%
Philippines
55%
Papouasie-Nouvelle-
Guinée
51%
Pays-Bas
30%
Palestine
19%

Distribution des résultats

Percentile par nombre de réponses

% des personnes avec chaque résultat

Votre développement - résultats

Vous n’avez pas pris ce quiz